| 000 | 00375nam a2200169Ia 4500 | ||
|---|---|---|---|
| 008 | 210210b1966 xxu||||| |||| 00| 0 eng d | ||
| 041 | _aeng | ||
| 082 | _a560/23 | ||
| 100 | _aASIMOV (I) | ||
| 245 | _aWorld around you | ||
| 260 |
_aNew York _bLancer Books _c1966 |
||
| 650 | _ayou | ||
| 650 | _aWorld | ||
| 650 | _aaround | ||
| 690 | _aPure Sciences | ||
| 906 | _a010188 | ||
| 999 |
_c137956 _d137956 |
||